00649nam a2200205 a 450000100100000000500170001000800410002702000150006804000250008308200150010810000240012324500340014726000320018130000210021349000200023450400320025483000270028695201130031399900170042600004443820201002045355.0140630s1997 sp 000 0 spa d a8474326311 aDO-SdBNPbspacBNPHU axxxxbxxxx1 aEines, Jorge97209813aEl actor pide /cJorge Eines. aBarcelona :bGedisa,c1997. a181 p. ;c22 cm.1 aArte y acción aBibliografía : p. 179-181 0aArte y acción972450 001050718MOaGRbGRcCTd2014-06-30iLF1l0oxxxx xxxxp44438-10r2020-06-25w2020-06-25y1ZNo se presta c43927d43927